Premier League Top Goal Scorers Of each year - Statistics

General Stats
  • This quiz has been taken 80 times
  • The average score is 22 of 28
Answer Stats
Hint Answer % Correct
Year:23/24Goals:27 Erling Haaland
99%
Year:22/23Goals:36 Erling Haaland
99%
Year:21/22Goals:23 Mohamed Salah
99%
Year:18/19Goals:22 Mohamed Salah
99%
Year:17/18Goals:32 Mohamed Salah
99%
Year:20/21Goals:23 Harry Kane
96%
Year:16/17Goals:29 Harry Kane
96%
Year:15/16Goals:25 Harry Kane
96%
Year:07/08Goals:31 Cristiano Ronaldo
90%
Year:14/15Goals:26 Sergio Agüero
88%
Year:18/19Goals:22 Sadio Mané
85%
Year:05/06Goals:27 Thierry Henry
85%
Year:04/05Goals:25 Thierry Henry
85%
Year:03/04Goals:30 Thierry Henry
85%
Year:01/02Goals:24 Thierry Henry
85%
Year:21/22Goals:23 Heung-min Son
81%
Year:09/10Goals:29 Didier Drogba
75%
Year:06/07Goals:20 Didier Drogba
75%
Year:19/20Goals:23 Jamie Vardy
75%
Year:12/13Goals:26 Robin van Persie
73%
Year:11/12Goals:30 Robin van Persie
73%
Year:13/14Goals:31 Luis Suárez
71%
Year:18/19Goals:22 Pierre-Emerick Aubameyang
62%
Year:02/03Goals:25 Ruud van Nistelroo
58%
Year:10/11Goals:20 Carlos Tevez
53%
Year:08/09Goals:19 Nicolas Anelka
47%
Year:10/11Goals:20 Dimitar Berbatov
45%
Year:00/01Goals:23 Jimmy Floyd Hasselbaink
15%
No matching quizzes found
Score Distribution
Percent of People with Each Score
Percentile by Number Answered
Your Score History
You have not taken this quiz